[Event "HUN-chT2 Toth 2324"]
[Site "Hungary"]
[Date "2024.04.07"]
[Round "7.5"]
[White "Bacsi, Kristof"]
[Black "Szekeres, Sebestyen"]
[Result "1/2-1/2"]
[WhiteElo "1937"]
[BlackElo "1961"]
[PlyCount "46"]
[EventDate "2023.10.08"]
[EventType "team-tourn"]
[EventRounds "9"]
[EventCountry "HUN"]
[SourceTitle "EXT 2025"]
[Source "ChessBase"]
[SourceDate "2024.10.14"]
[SourceVersion "1"]
[SourceVersionDate "2024.10.14"]
[SourceQuality "1"]
[WhiteTeam "Oroshaza"]
[BlackTeam "Felegyhaza Csongrad"]
[WhiteTeamCountry "HUN"]
[BlackTeamCountry "HUN"]

1. d4 d5 2. Nf3 e6 3. c4 Nf6 4. Nc3 Be7 5. e3 0-0 6. Bd3 b6 7. cxd5 exd5 8. 0-0 Bg4 9. b3 c6 10. Bb2 Nbd7 11. Rc1 Rc8 12. h3 Bh5 13. Bf5 Bg6 14. Bxg6 hxg6 15. Qd3 Bd6 16. Rfe1 Re8 17. e4 dxe4 18. Nxe4 Nxe4 19. Rxe4 Rxe4 20. Qxe4 Nf6 21. Qh4 Be7 22. Ne5 Qd5 23. Qf4 Bf8 1/2-1/2

[Event "HUN-chT2 Toth 2324"]
[Site "Hungary"]
[Date "2024.03.10"]
[Round "6.5"]
[White "Toth, Daniel"]
[Black "Bacsi, Kristof"]
[Result "1/2-1/2"]
[WhiteElo "2056"]
[BlackElo "1937"]
[PlyCount "212"]
[EventDate "2023.10.08"]
[EventType "team-tourn"]
[EventRounds "9"]
[EventCountry "HUN"]
[SourceTitle "EXT 2025"]
[Source "ChessBase"]
[SourceDate "2024.10.14"]
[SourceVersion "1"]
[SourceVersionDate "2024.10.14"]
[SourceQuality "1"]
[WhiteTeam "Szeged Maroczy II"]
[BlackTeam "Oroshaza"]
[WhiteTeamCountry "HUN"]
[BlackTeamCountry "HUN"]

1. d4 d5 2. Nf3 Nf6 3. c4 dxc4 4. Nc3 e6 5. e3 c5 6. Bxc4 Nc6 7. 0-0 Be7 8. b3 0-0 9. dxc5 Bxc5 10. Bb2 b6 11. Qe2 Bb7 12. Na4 Bd6 13. Rfd1 Qe7 14. e4 e5 15. Nc3 Nd4 16. Nxd4 exd4 17. Nb5 Bc5 18. e5 Ne4 19. Bxd4 Bxd4 20. Rxd4 a6 21. Bd5 Bxd5 22. Rxd5 Nf6 23. Rd2 axb5 24. exf6 Qxf6 25. Rad1 Qc6 26. Rd6 Qc5 27. R6d5 Qc6 28. Qxb5 Qxb5 29. Rxb5 Rxa2 30. Rxb6 Rc8 31. g3 Ra7 32. b4 Kf8 33. Re1 Re8 34. Rd1 Ke7 35. Rbd6 Rb8 36. R6d4 Ra4 37. Re1+ Kf8 38. Rb1 Rb5 39. Kg2 Ra3 40. Re1 g6 41. Re3 Ra2 42. g4 Rb2 43. Ree4 h5 44. h3 hxg4 45. hxg4 Rb1 46. Kg3 Rb3+ 47. f3 Rb2 48. Rd8+ Kg7 49. Rd7 Rb6 50. Rf4 Rf6 51. Rxf6 Kxf6 52. Rb7 g5 53. b5 Ke6 54. b6 f6 55. Rb8 Ke7 56. b7 Kd7 57. Rf8 Rxb7 58. Rxf6 Rb5 59. Kf2 Ke7 60. Rh6 Re5 61. Ra6 Kf7 62. Ra4 Kg6 63. Re4 Rb5 64. Rd4 Rb3 65. Rd6+ Kf7 66. Ke2 Kg7 67. Rd3 Rb2+ 68. Ke3 Kf6 69. Rc3 Rb4 70. Kd3 Ke5 71. Ke3 Rb5 72. Ra3 Rb4 73. Ra5+ Kf6 74. Rf5+ Kg6 75. Rd5 Ra4 76. Rd6+ Kf7 77. Rd4 Ra1 78. Ke4 Ke6 79. Rc4 Re1+ 80. Kd4 Rd1+ 81. Ke3 Re1+ 82. Kf2 Rb1 83. f4 Rb2+ 84. Kf3 Rb3+ 85. Ke4 gxf4 86. Kxf4 Rb5 87. Rc7 Kf6 88. g5+ Kg6 89. Rc6+ Kg7 90. Rd6 Ra5 91. Kg4 Ra1 92. Rd3 Rg1+ 93. Rg3 Rf1 94. Rf3 Rxf3 95. Kxf3 Kf7 96. Kg3 Kg7 97. Kf4 Kf8 98. Kf5 Kf7 99. g6+ Kg7 100. Kg5 Kg8 101. Kh5 Kg7 102. Kg5 Kg8 103. Kf6 Kf8 104. Kf5 Kg7 105. Kg5 Kg8 106. g7 Kxg7 1/2-1/2

[Event "HUN-chT2 Toth 2223"]
[Site "Hungary"]
[Date "2023.03.26"]
[Round "10.6"]
[White "Bacsi, Kristof"]
[Black "Linczer, Janos"]
[Result "1-0"]
[WhiteElo "1898"]
[BlackElo "2078"]
[PlyCount "77"]
[EventDate "2022.10.16"]
[EventType "team-tourn"]
[EventRounds "11"]
[EventCountry "HUN"]
[SourceTitle "EXT 2025"]
[Source "ChessBase"]
[SourceDate "2024.10.14"]
[SourceVersion "1"]
[SourceVersionDate "2024.10.14"]
[SourceQuality "1"]
[WhiteTeam "Oroshaza SE"]
[BlackTeam "Maroczy II"]
[WhiteTeamCountry "HUN"]
[BlackTeamCountry "HUN"]

1. d4 Nf6 2. Nf3 g6 3. c4 Bg7 4. Nc3 0-0 5. e4 d6 6. Be2 c5 7. d5 e5 8. 0-0 Ne8 9. Bg5 f6 10. Bh4 g5 11. Bg3 f5 12. exf5 Bxf5 13. Bd3 Qf6 14. Bxf5 Qxf5 15. Qb1 Nd7 16. Nd2 h6 17. f3 Qxb1 18. Raxb1 Ndf6 19. b4 cxb4 20. Rxb4 b6 21. a4 Rf7 22. Rfb1 Nh5 23. Bf2 Nf4 24. Be3 Nd3 25. R4b3 Rd7 26. a5 Nc5 27. Ra3 Rb8 28. Bxc5 dxc5 29. Rab3 Rdb7 30. Na4 Bf8 31. axb6 axb6 32. Rxb6 Rxb6 33. Rxb6 Ra8 34. Nc3 Nd6 35. Nce4 Nxe4 36. Nxe4 Ra4 37. d6 Rxc4 38. d7 Rd4 39. Nd6 1-0

[Event "HUN-chT2 Toth 2223"]
[Site "Hungary"]
[Date "2023.03.12"]
[Round "9.5"]
[White "Bacsi, Kristof"]
[Black "Balogh, David"]
[Result "0-1"]
[WhiteElo "1898"]
[BlackElo "2246"]
[PlyCount "130"]
[EventDate "2022.10.16"]
[EventType "team-tourn"]
[EventRounds "11"]
[EventCountry "HUN"]
[SourceTitle "EXT 2025"]
[Source "ChessBase"]
[SourceDate "2024.10.14"]
[SourceVersion "1"]
[SourceVersionDate "2024.10.14"]
[SourceQuality "1"]
[WhiteTeam "Oroshaza SE"]
[BlackTeam "Kumania Kisujszallas"]
[WhiteTeamCountry "HUN"]
[BlackTeamCountry "HUN"]

1. d4 d5 2. Nf3 Nf6 3. c4 c6 4. e3 Bf5 5. Nc3 e6 6. Bd3 Bxd3 7. Qxd3 Be7 8. 0-0 Nbd7 9. e4 dxe4 10. Nxe4 Nxe4 11. Qxe4 0-0 12. Re1 Qa5 13. Bd2 Bb4 14. Bxb4 Qxb4 15. Qc2 a5 16. a3 Qb6 17. b4 Qa6 18. Qc3 Ra7 19. Rab1 b5 20. Ne5 Nxe5 21. Rxe5 axb4 22. axb4 Qa2 23. Rb2 Qa1+ 24. Re1 Ra2 25. Reb1 Qxb2 26. Qxb2 Rxb2 27. Rxb2 Ra8 28. Kf1 Kf8 29. Ke2 Ra3 30. Kd2 bxc4 31. Rc2 Rd3+ 32. Kc1 Rxd4 33. Ra2 c3 34. Ra6 Rxb4 35. Rxc6 Rb2 36. Rxc3 Rxf2 37. Rg3 f5 38. Kd1 Kf7 39. Ke1 Ra2 40. Kf1 Kf6 41. Rh3 h6 42. Re3 g5 43. Rh3 Kg6 44. Re3 Ra6 45. Kf2 h5 46. Re5 Kf6 47. Rb5 Ra2+ 48. Kf1 g4 49. Rb8 h4 50. Rb3 Ke5 51. Rb5+ Ke4 52. Rb4+ Ke3 53. Rb3+ Kf4 54. Rb4+ Kg5 55. Rb8 e5 56. Rf8 Kf4 57. Rb8 h3 58. gxh3 Rxh2 59. hxg4 Kxg4 60. Rb4+ e4 61. Rb8 f4 62. Rg8+ Kf3 63. Kg1 Ra2 64. Rh8 Ra1+ 65. Kh2 e3 0-1

[Event "HUN-chT2 Toth 2122"]
[Site "Hungary"]
[Date "2021.10.31"]
[Round "2.2"]
[White "Balla, Tamas Kristof"]
[Black "Bacsi, Kristof"]
[Result "1-0"]
[WhiteElo "2324"]
[BlackElo "1998"]
[PlyCount "83"]
[EventDate "2021.10.10"]
[EventType "team-tourn"]
[EventRounds "9"]
[EventCountry "HUN"]
[SourceTitle "EXT 2025"]
[Source "ChessBase"]
[SourceDate "2024.10.14"]
[SourceVersion "1"]
[SourceVersionDate "2024.10.14"]
[SourceQuality "1"]
[WhiteTeam "Kisujszallas"]
[BlackTeam "Oroshaza SE"]
[WhiteTeamCountry "HUN"]
[BlackTeamCountry "HUN"]

1. b3 d5 2. Bb2 Nf6 3. f4 c5 4. e3 Bg4 5. Nf3 Nc6 6. Bb5 e6 7. 0-0 g6 8. h3 Bxf3 9. Bxc6+ bxc6 10. Qxf3 Bg7 11. d3 0-0 12. e4 dxe4 13. dxe4 c4 14. Na3 cxb3 15. axb3 Qb6+ 16. Kh1 a5 17. Nc4 Qb5 18. Ra4 Ra6 19. Rfa1 Rfa8 20. Bc3 Qc5 21. Bxa5 Qh5 22. g4 Nxg4 23. Qxg4 Qxg4 24. hxg4 Bxa1 25. Rxa1 c5 26. Kg2 Rd8 27. Kf3 Rd7 28. Ke3 f6 29. Rh1 Kg7 30. Bc3 Kg8 31. Bxf6 Ra2 32. Bb2 Raa7 33. Ba3 Rac7 34. g5 Kg7 35. Bb2+ Kg8 36. Ne5 Re7 37. Ng4 Kf8 38. Nf6 Rf7 39. Be5 Rc6 40. Nxh7+ Ke7 41. Nf6 Rc8 42. Rh6 1-0

[Event "HUN-chT2 Toth 2122"]
[Site "Hungary"]
[Date "2021.10.10"]
[Round "1.2"]
[White "Bacsi, Kristof"]
[Black "Szasz, Janos"]
[Result "0-1"]
[WhiteElo "1998"]
[BlackElo "2082"]
[PlyCount "44"]
[EventDate "2021.10.10"]
[EventType "team-tourn"]
[EventRounds "9"]
[EventCountry "HUN"]
[SourceTitle "EXT 2025"]
[Source "ChessBase"]
[SourceDate "2024.10.14"]
[SourceVersion "1"]
[SourceVersionDate "2024.10.14"]
[SourceQuality "1"]
[WhiteTeam "Oroshaza SE"]
[BlackTeam "Bekes"]
[WhiteTeamCountry "HUN"]
[BlackTeamCountry "HUN"]

1. d4 d5 2. Nf3 c5 3. dxc5 Nf6 4. c4 e6 5. Nc3 Bxc5 6. e3 0-0 7. Bd3 dxc4 8. Bxc4 Qc7 9. Qe2 a6 10. 0-0 b5 11. Bd3 Bb7 12. a3 Nbd7 13. Bd2 Rfd8 14. Rac1 Bxf3 15. gxf3 Ne5 16. Be4 Rxd2 17. Qxd2 Nxe4 18. Qe2 Nd2 19. f4 Nef3+ 20. Kg2 Qc6 21. e4 e5 22. Rg1 Qh6 0-1